书目信息 |
| 题名: |
软件工程导论
|
|
| 作者: | 张海藩 编著 | |
| 分册: | ||
| 出版信息: | 北京 清华大学出版社 1998.01 |
|
| 页数: | 353页 | |
| 开本: | 16开 | |
| 丛书名: | ||
| 单 册: | ||
| 中图分类: | TP311 | |
| 科图分类: | ||
| 主题词: | 软件 | |
| 电子资源: | ||
| ISBN: | 7-302-02799-4 | |
| 000 | 00505nam0 2200181 45 | |
| 001 | 0006180876 | |
| 005 | 20081020161851.35 | |
| 010 | @a7-302-02799-4@d24.00元 | |
| 100 | @a20000618d1998 km y0chiy0120 ea | |
| 101 | 0 | @achi |
| 200 | 1 | @a软件工程导论@ARuan Jian Gong Cheng Dao Lun@f张海藩编著@FZhang Hai Fan Bian Zhu |
| 210 | @a北京@c清华大学出版社@d1998.01 | |
| 215 | @a353页@d16开 | |
| 606 | 0 | @a软件 |
| 690 | @aTP311@v3 | |
| 701 | 0 | @a张海藩@4编著 |
| 801 | @aCN@c20081020 | |
| 905 | @b206151@dTP311@eZH.086@f1 | |
| 软件工程导论/张海藩编著.-北京:清华大学出版社,1998.01 |
| 353页;16开 |
| ISBN 7-302-02799-4:24.00元 |
| ● |
| 相关链接 |
|
|
|
正题名:软件工程导论
索取号:TP311/ZH.086
 
预约/预借
| 序号 | 登录号 | 条形码 | 馆藏地/架位号 | 状态 | 备注 |
| 1 | 206151 | 202061516 | 自科库301/301自科库 47排2列3层/ [索取号:TP311/ZH.086] | 在馆 | |
| 2 | 442758 | 204427584 | 自科库301/301自科库 47排2列3层/ [索取号:TP311/ZH.086] | 在馆 | |
| 3 | 455405 | 204554053 | 自科库301/301自科库 47排2列3层/ [索取号:TP311/ZH.086] | 在馆 | |
| 4 | 455406 | 204554062 | 自科库301/301自科库 44排3列2层/ [索取号:TP311/ZH.086] | 在馆 | |
| 5 | 455407 | 204554071 | 自科库301/301自科库 44排3列2层/ [索取号:TP311/ZH.086] | 在馆 | |
| 6 | 479178 | 204791788 | 期刊室512/ [索取号:TP311/ZH.086] | 在馆 |